[Event "Belgorod-ch"]
[Site "Belgorod"]
[Date "2007.05.22"]
[Round "3"]
[White "Saakian, Felix"]
[Black "Zheltonojenko, Sergey"]
[Result "0-1"]
[WhiteElo "2111"]
[BlackElo "1836"]
[PlyCount "94"]
[EventDate "2007.05.20"]
[EventType "tourn"]
[EventRounds "12"]
[EventCountry "RUS"]
[SourceTitle "EXT 2010"]
[Source "ChessBase"]
[SourceDate "2010.11.25"]
[SourceVersion "1"]
[SourceVersionDate "2010.11.25"]
[SourceQuality "1"]

1. e4 c5 2. Nf3 Nc6 3. d4 cxd4 4. Nxd4 Nf6 5. Nc3 e5 6. Ndb5 d6 7. Nd5 Nxd5 8. exd5 Ne7 9. c4 Ng6 10. Qa4 Bd7 11. Qa3 Bxb5 12. cxb5 Be7 13. g3 0-0 14. Bg2 f5 15. 0-0 Qd7 16. Qb3 Bf6 17. h4 e4 18. Bd2 Ne5 19. Bc3 Ng4 20. Rac1 Be5 21. Bxe5 Nxe5 22. a4 Rac8 23. Qe3 a6 24. bxa6 bxa6 25. b3 Qb7 26. Rxc8 Rxc8 27. Rd1 Nd3 28. Rxd3 exd3 29. Qxd3 g6 30. Qe3 Qd7 31. Bf1 Re8 32. Qb6 f4 33. Qc6 Qe7 34. gxf4 Rf8 35. Qxa6 Rxf4 36. Qc8+ Kf7 37. a5 Rxh4 38. Qe6+ Qxe6 39. dxe6+ Kxe6 40. a6 Rf4 41. Bh3+ Ke5 42. Bc8 Rd4 43. Bb7 Rd1+ 44. Kg2 Ra1 45. b4 Kd4 46. b5 Kc5 47. Bc6 Rxa6 0-1